Book Reviews /

محفوظ في:

المؤلف الرئيسي: Reviews, Book.

مؤلفون آخرون: Judas, Beth Ann., Klotz, David., Morales, Antonio J.., Podzorski, Patricia.

التنسيق: كتاب

اللغة: Undetermined

الوصول للمادة أونلاين: Login to view Source

الوسوم: إضافة وسم

لا توجد وسوم, كن أول من يضع وسما على هذه التسجيلة!

رقم الطلب:

LEADER 00508nam a2200145Ia 4500
008 220712s9999||||xx |||||||||||||| ||und||
100 1 |a Reviews, Book. 
245 1 0 |a Book Reviews /  |c Book Reviews. 
700 1 |a Judas, Beth Ann. 
700 1 |a Klotz, David. 
700 1 |a Morales, Antonio J.. 
700 1 |a Podzorski, Patricia. 
856 4 |u https://lockwoodonlinejournals.com/index.php/jarce/workflow/access/29 
952 |0 0  |1 0  |4 0  |7 1  |9 42309  |a JARCE  |b JARCE  |d 2022-08-09  |l 0  |r 2022-08-09 00:00:00  |w 2022-08-09  |y PT 
999 |c 49072  |d 49072